Квиз о Ирској - Statistics

General Stats
  • This quiz has been taken 133 times
  • The average score is 8 of 21
Answer Stats
Опис Одговор % Correct
Главни град Даблин
100%
Биљка која је симбол Ирске Шамрок
73%
Светац који је покрстио Ирце Свети Патрик
72%
Најпродаваније ирско пиво Гинис
59%
... и ослободио острво одових животиња Змија
56%
Музички инструмент на грбу Ирске Харфа
51%
Други највећи град Корк
47%
Усев који је пропао и узроковао огромну глад у Ирској: 1845–1852 Кромпир
47%
Бенд из Србије који правиобраде ирских песама Ортодокс Келтс
44%
Надимак Ирске {Смарагдно} острво
34%
Свештеник древне келтске религије Друид
33%
Највећи авио превозник, познатпо ниским ценама и лошој услузи Рајанер
32%
Писац "Уликса" Џејмс Џојс
30%
Најпознатији ирски бенд У2
30%
Најпродаванији ирски виски Џејмисон
23%
Најстарији универзитет, основан 1592. {Тринити} колеџ
11%
Уплакана жена из ирске митологије Банши
9%
Најдужа река Шенон
7%
Ирски град или врста песме Лимерик
7%
Град у коме се прави чувени кристал Вотерфорд
2%
Камен који туристи љубе Камен из Бларнија
1%
No matching quizzes found
Score Distribution
Percent of People with Each Score
Percentile by Number Answered
Your Score History
You have not taken this quiz